all one direction songs by acronyms - Statistics

General Stats
  • This quiz has been taken 355 times
  • The average score is 62 of 90
Answer Stats
HINT UP ALL NIGHT % Correct
WMYB What Makes You Beautiful
99%
IW I Want
90%
Y&I You & I
90%
GBY Gotta Be You
88%
KY Kiss You
88%
LWWY Live While Were Young
88%
MM Midnight Memories
88%
SOML Story Of My Life
87%
BSE Best Song Ever
85%
OT One Thing
85%
OWOA One Way Or Another
85%
D Diana
84%
LT Little Things
83%
NNN Na Na Na
83%
RN Right Now
83%
UAN Up All Night
83%
IW I Wish
81%
H History
79%
IW I Would
78%
O Olivia
78%
P Perfect
78%
DFWYB Dont Forget Where You Belong
77%
# 18
76%
NC No Control
76%
WDBHG Where Do Broken Hearts Go
76%
CC Cmon Cmon
75%
LBD Little Black Dress
75%
S Strong
75%
A A.M
74%
DMD Drag Me Down
74%
NC Night Changes
74%
T Taken
74%
STG Steal My Girl
73%
TDKAU They Dont Know About Us
73%
W Wolves
72%
IICF If I Could Fly
71%
IWTWYAS I Want To Write You A Song
71%
M Moments
71%
C Clouds
70%
FG Fools Gold
70%
GA Girl Almighty
70%
H Happily
70%
I Infinity
70%
H Home
69%
SS Stockholm Syndrome
68%
EOTD End Of The Day
68%
F Fireproof
68%
MTT More Than This
68%
SL Summer Love
68%
LWL Little White Lies
67%
HAH Half A Heart
66%
LYG Love You Goodbye
66%
LFK Last First Kiss
65%
RM Rock Me
65%
WITW Walking In The Wind
65%
WDWGT Why Dont We Go There
65%
OA Over Again
64%
RTR Ready To Run
64%
AMA Act My Age
63%
CYT Change Your Ticket
63%
HA Hey Angel
63%
NE Never Enough
63%
A Alive
62%
BTW Better Than Words
62%
TMAL Tell Me A Lie
62%
DHK Does He Know?
61%
I Irresistible
61%
HA Heart Attack
60%
LWD Long Way Down
60%
M Magic
60%
SG Something Great
60%
SM Same Mistakes
59%
TTD Through The Dark
59%
BFY Back For You
58%
LYF Loved You First
58%
S Spaces
58%
SMH Stole My Heart
58%
I Illusion
57%
OIAL Once In A Lifetime
57%
SYT Save You Tonight
56%
AW Another World
55%
EAY Everything About You
54%
SNA Shes Not Afraid
54%
SU Stand Up
54%
CMM Change My Mind
53%
TMD Truly Madly Deeply
53%
WAF What A Feeling
52%
NC Nobody Compares
51%
TF Temporary Fix
51%
STO Still The One
47%
No matching quizzes found
Score Distribution
Percent of People with Each Score
Percentile by Number Answered
Your Score History
You have not taken this quiz